00000000nam##2200000za#4500
0019.569874
003CaOODSP
00520210624181956
007cr |||||||||||
008150406|1991||||xxc|||||o    f|0| 0 eng|d
040 |aCaOODSP|beng
043 |an-cn---
0861 |aNH18-1-2/55-1991E-PDF
1102 |aCanada Mortgage and Housing Corporation.
24514|aThe relationship between newcomer tenants and their landlords / |h[electronic resource]|cprepared by Prairie Research Associates Inc.
260 |aOttawa - Ontario : |bCanada Mortgage and Housing Corporation |c1991.
300 |a232p.|btables
4901 |aResearch report
504 |aBibliography.
546 |a(Résumé en français.)
590 |a11-25-Supp|b2011-10-31
7102 |aManitoba Interfaith Immigration Council Inc.
830#0|aResearch report (Canada Mortgage and Housing Corporation : Online)|w(CaOODSP)9.506068
85640|ahttp://publications.gc.ca|qPDF|s1.99 MB|uhttps://publications.gc.ca/collections/collection_2011/schl-cmhc/nh18-1-2/NH18-1-2-55-1991-eng.pdf